<?xml version="1.0" encoding="UTF-8"?>
<marc:record xmlns:marc="http://www.loc.gov/MARC21/slim">
   <marc:leader>00000nam a2200000 a 4500</marc:leader>
   <marc:datafield ind1="1" ind2=" " tag="100">
      <marc:subfield code="a">Komarek, Alfred</marc:subfield>
      <marc:subfield code="4">aut</marc:subfield>
      <marc:subfield code="e">Verfasser/-in</marc:subfield>
   </marc:datafield>
   <marc:datafield ind1="0" ind2="0" tag="245">
      <marc:subfield code="a">Polt</marc:subfield>
   </marc:datafield>
   <marc:datafield ind1="0" ind2="0" tag="245">
      <marc:subfield code="b">Roman</marc:subfield>
   </marc:datafield>
   <marc:datafield ind1="0" ind2="0" tag="245">
      <marc:subfield code="c">Alfred Komarek</marc:subfield>
   </marc:datafield>
   <marc:datafield ind1=" " ind2="1" tag="264">
      <marc:subfield code="a">Zürich</marc:subfield>
      <marc:subfield code="b">Diogenes</marc:subfield>
      <marc:subfield code="c">2011</marc:subfield>
   </marc:datafield>
   <marc:datafield ind1="1" ind2=" " tag="520">
      <marc:subfield code="a">Angaben aus der Verlagsmeldung

Polt. Polt. / von Alfred Komarek

Eigentlich ist Simon Polt im Ruhestand. Eigentlich. Zur Polizei, die nunmehr über die kleinen Dörfer im Wiesbachtal wacht, hat er kaum noch Kontakt – nur mit Norbert Sailer ist er befreundet, einem Ordnungshüter ganz nach seinem Geschmack. Doch nach einem gemeinsamen Zechgelage ist es um die Ruhe in Polts Leben schon wieder geschehen: Im Weingarten stolpern die beiden über die Leiche eines Mannes, den niemand gekannt haben will. Polt ist plötzlich nicht nur Zeuge, sondern zugleich Verdächtiger eines Verbrechens … Vor der vertrauten Kulisse der Weinviertler Kellergassen entfaltet Alfred Komarek einen Kriminalroman voller Spannung, psychologischer Raffinesse und hintergründigem Humor – ein fulminanter Auftritt von Gendarmerie-Inspektor a.D. Simon Polt.
</marc:subfield>
   </marc:datafield>
   <marc:datafield ind1=" " ind2=" " tag="020">
      <marc:subfield code="a">9783257240696</marc:subfield>
      <marc:subfield code="9">9783257240696</marc:subfield>
   </marc:datafield>
   <marc:datafield ind1=" " ind2=" " tag="020">
      <marc:subfield code="a">3257240694</marc:subfield>
      <marc:subfield code="9">3257240694</marc:subfield>
   </marc:datafield>
   <marc:datafield ind1=" " ind2=" " tag="041">
      <marc:subfield code="a">ger</marc:subfield>
   </marc:datafield>
   <marc:datafield ind1=" " ind2=" " tag="300">
      <marc:subfield code="a">183 S.</marc:subfield>
   </marc:datafield>
</marc:record>
